| 000 -LEADER |
| fixed length control field |
00939nam a22001935i 4500 |
| 003 - CONTROL NUMBER IDENTIFIER |
| control field |
OSt |
| 005 - DATE AND TIME OF LATEST TRANSACTION |
| control field |
20240117122954.0 |
| 008 - FIXED-LENGTH DATA ELEMENTS--GENERAL INFORMATION |
| fixed length control field |
210604s2021 nyu 000 0 eng |
| 020 ## - INTERNATIONAL STANDARD BOOK NUMBER |
| International Standard Book Number |
9781638409564 |
| Qualifying information |
(hardcover) |
| 082 ## - DEWEY DECIMAL CLASSIFICATION NUMBER |
| Classification number |
720.954 |
| Item number |
VIR |
| 100 1# - MAIN ENTRY--PERSONAL NAME |
| Personal name |
Vir Gupta, Pankaj, |
| Relator term |
author. |
| 245 10 - TITLE STATEMENT |
| Title |
Golconde : |
| Remainder of title |
the introduction of modernism in India / |
| Statement of responsibility, etc |
Pankaj Vir Gupta, Christine Mueller, Cyrus Samii. |
| 263 ## - PROJECTED PUBLICATION DATE |
| Projected publication date |
2108 |
| 300 ## - PHYSICAL DESCRIPTION |
| Extent |
pages cm |
| 520 ## - SUMMARY, ETC. |
| Summary, etc |
"Golconde is an astonishing architectural accomplishment. With technical finesse and extraordinary craft, it offers a living testament to the original modernist credo - architecture as the manifest union of technology, aesthetics, and social reform. Here exists an undiluted view of a wholly triumphant tropical Modernism, built during the tumultuous years of the second world war"-- |
| 700 1# - ADDED ENTRY--PERSONAL NAME |
| Personal name |
Mueller, Christine, |
| Relator term |
author. |
| 700 1# - ADDED ENTRY--PERSONAL NAME |
| Personal name |
Samii, Cyrus, |
| Relator term |
author. |
| 942 ## - ADDED ENTRY ELEMENTS (KOHA) |
| Source of classification or shelving scheme |
|